| 000 | 00776cam a2200265 4500 | ||
|---|---|---|---|
| 001 | 18357 | ||
| 003 | BD-RjUL | ||
| 005 | 20211209000256.0 | ||
| 008 | 140220t19681959nyu 001 0 eng | ||
| 035 | _a(BD-RjUL)18415 | ||
| 040 |
_aDLC _cDLC _dDLC _beng |
||
| 041 | _aeng | ||
| 082 | 0 | 0 |
_a822.33 _bVYS 1968 |
| 100 | 1 |
_aVyvyan, John. _956530 |
|
| 245 | 1 | 4 |
_aThe Shakespearean ethic / _cJohn Vyvyan, |
| 260 |
_aNew York : _bBarnes & Noble, _c[1968, c1959] |
||
| 300 |
_a207 p. ; _c23 cm. |
||
| 504 | _aIncludes index | ||
| 600 | 1 | 0 |
_aShakespeare, William, _d1564-1616 _xEthics. _954607 |
| 650 | 0 |
_aDidactic drama, English _xHistory and criticism. _954608 |
|
| 650 | 0 |
_aEthics in literature. _955456 |
|
| 942 |
_2ddc _cBK |
||
| 999 |
_c18357 _d18357 |
||